| 000 | 00553nam a22001937a 4500 | ||
|---|---|---|---|
| 003 | BD-DhJNU | ||
| 005 | 20250205093038.0 | ||
| 008 | 250205b |||||||| |||| 00| 0 eng d | ||
| 020 | _a984700000202563 | ||
| 040 |
_aBD-DhJNU _bENG _cBD-DhJNU _dBD-DhJNU |
||
| 082 |
_223 _a100 |
||
| 100 | _aHaque, Nayeema | ||
| 245 |
_aApplied philosophy : _ba new horizon of thought / _cNayeema Haque |
||
| 260 |
_aDhaka : _bJatiya Sahitya Prokash, _c2015. |
||
| 300 |
_axiii, 145 p. : _c22 cm. |
||
| 504 | _aincludes index | ||
| 650 | _aPhilosophy | ||
| 942 |
_2ddc _cBK _n0 |
||
| 999 |
_c1249 _d1249 |
||